000 00807nam a22002297a 4500
999 _c19891
_d19891
003 AR-CdUCM
008 190523b ||||| |||| 00| 0 spa d
040 _aMUNICIPALIDAD PROVINCIAL DEL CUSCO
_cBIBLIOTECA MUNICIPAL DEL CUSCO
041 _heng
082 _a544 /
_bN82
100 _aNordmann, Joseph.
_941581
245 _aAnálisis cualitativo y química inorgánica /
260 _aMéxico :
_bContinental,
_c1961.
300 _a544 páginas ;
_bIlustraciones,
_c23 cm.
505 _aContenido: Ecuaciones químicas -- Soluciones. Diferentes maneras de expresar su concentración -- Electrones...
650 _aQuímica
_94512
650 _aAnalítica
_941582
650 _aCualitativa
_941583
700 _aUreta, Ernesto (traducción)
_941584
942 _2ddc
_cLIBROS
945 _adavv
_d2019-05-23